000 00702nam a2200241Ia 4500
003 OSt
005 20220924122350.0
006 a|||||r|||| 00| 0
007 ta
008 220923b |||||||| |||| 00| 0 urd d
024 _a319082
037 _cTextual
040 _aARTS
_cARTS
_burd
041 _2urd
_aurd
082 _aO168,4M94x, L6
100 _aMalihabadi Josh Au.
245 0 _aNaqad-e-ikhlas
260 _aLahore
_bSang-e-meel publications Pakistan
_c1976
650 _aURDU FICTION
_93298
700 _a Hussain Sayed Safdar Ed.
_9189256
942 _hO168,4M94x, L6
_cTEXL
_2CC
999 _c411353
_d411353